Pratical tips for facilitating research (Record no. 5274)
[ view plain ]
| 000 -LEADER | |
|---|---|
| fixed length control field | 00704nam a22002297a 4500 |
| 003 - CONTROL NUMBER IDENTIFIER | |
| control field | OSt |
| 005 - DATE AND TIME OF LATEST TRANSACTION | |
| control field | 20220107122817.0 |
| 008 - FIXED-LENGTH DATA ELEMENTS--GENERAL INFORMATION | |
| fixed length control field | 160712b xxu||||| |||| 00| 0 eng d |
| 020 ## - INTERNATIONAL STANDARD BOOK NUMBER | |
| International Standard Book Number | 9781783300174 |
| 040 ## - CATALOGING SOURCE | |
| Transcribing agency | IIITMK |
| 082 ## - DEWEY DECIMAL CLASSIFICATION NUMBER | |
| Classification number | 025.56 BEN/P; 1 |
| 100 ## - MAIN ENTRY--PERSONAL NAME | |
| Personal name | Bent, Moira J. |
| 9 (RLIN) | 9982 |
| 245 ## - TITLE STATEMENT | |
| Title | Pratical tips for facilitating research |
| Statement of responsibility, etc. | Moira J. Bent |
| 260 ## - PUBLICATION, DISTRIBUTION, ETC. | |
| Place of publication, distribution, etc. | London, |
| Name of publisher, distributor, etc. | Facet Publishing, |
| Date of publication, distribution, etc. | 2016. |
| 300 ## - PHYSICAL DESCRIPTION | |
| Extent | xii, 263p. |
| 440 ## - SERIES STATEMENT/ADDED ENTRY--TITLE | |
| Title | Facet publishing series in pratical tips for library and information professionals |
| 9 (RLIN) | 9983 |
| 650 ## - SUBJECT ADDED ENTRY--TOPICAL TERM | |
| Topical term or geographic name entry element | LIBRARY SCIENCE |
| 9 (RLIN) | 9984 |
| 650 ## - SUBJECT ADDED ENTRY--TOPICAL TERM | |
| Topical term or geographic name entry element | LIBRARY STAFF ROLES |
| 9 (RLIN) | 9985 |
| 650 ## - SUBJECT ADDED ENTRY--TOPICAL TERM | |
| Topical term or geographic name entry element | INFORMATION LITERACY |
| 9 (RLIN) | 9986 |
| 650 ## - SUBJECT ADDED ENTRY--TOPICAL TERM | |
| Topical term or geographic name entry element | RESEARCH |
| 9 (RLIN) | 9987 |
| 942 ## - ADDED ENTRY ELEMENTS (KOHA) | |
| Source of classification or shelving scheme | Dewey Decimal Classification |
| Koha item type | Books |
| Withdrawn status | Lost status | Source of classification or shelving scheme | Damaged status | Not for loan | Collection code | Home library | Current library | Shelving location | Date acquired | Cost, normal purchase price | Total Checkouts | Full call number | Barcode | Date last seen | Price effective from | Koha item type |
|---|---|---|---|---|---|---|---|---|---|---|---|---|---|---|---|---|
| Dewey Decimal Classification | Non Fiction | Kerala University of Digital Sciences, Innovation and Technology Knowledge Centre | Kerala University of Digital Sciences, Innovation and Technology Knowledge Centre | Information Retrieval | 12/07/2016 | 3780.00 | 025.56 BEN/P;1 | 4541 | 03/12/2020 | 12/07/2016 | Books | |||||
| Dewey Decimal Classification | Non Fiction | Kerala University of Digital Sciences, Innovation and Technology Knowledge Centre | Kerala University of Digital Sciences, Innovation and Technology Knowledge Centre | Information Retrieval | 22/07/2016 | 3780.00 | 025.56 BEN/P | 4511 | 03/12/2020 | 22/07/2016 | Books |